[Event "European Youth Chess Championship G16"]
[Site "Prague, Top Hotel Prague"]
[Date "2012.08.20"]
[Round "4.24"]
[White "Gogishvili, Dea"]
[Black "Nicolajsen, Thea"]
[Result "1-0"]
[WhiteElo "1875"]
[BlackElo "1691"]
[PlyCount "79"]
[EventDate "2012.08.17"]

1. e4 c6 2. d4 d5 3. exd5 cxd5 4. c4 e6 5. Nc3 Nf6 6. Nf3 Be7 7. cxd5 Nxd5 8.
Bd3 O-O 9. O-O Nc6 10. Re1 Bf6 11. Be4 Nce7 12. Qd3 g6 13. Ne5 Bg7 14. a3 Bd7
15. Qh3 f5 16. Bf3 Rc8 17. Bd2 Bxe5 18. dxe5 Nxc3 19. Bxc3 Nc6 20. Rad1 Qe8 21.
Rd3 Rf7 22. Red1 Rg7 23. Qh6 Nd8 24. Qd2 Rc7 25. Qe3 Nf7 26. Qxa7 g5 27. Bh5 h6
28. Ba5 Bb5 29. Rd8 Qxd8 30. Rxd8+ Nxd8 31. Bxc7 Rxc7 32. h3 Rc8 33. Qb6 Bd3
34. Qd6 Bb1 35. Qd7 Rb8 36. Bg6 Kf8 37. Qh7 g4 38. Qxh6+ Kg8 39. Qh7+ Kf8 40.
Qh8+ 1-0

[Event "European Youth Chess Championship G16"]
[Site "Prague, Top Hotel Prague"]
[Date "2012.08.20"]
[Round "4.25"]
[White "Shepherd, Katherine M"]
[Black "Rykala, Monika"]
[Result "0-1"]
[WhiteElo "1766"]
[BlackElo "1844"]
[PlyCount "118"]
[EventDate "2012.08.17"]

1. d4 Nf6 2. Nf3 d5 3. Bf4 c5 4. c3 Nc6 5. e3 Qb6 6. Qb3 c4 7. Qc2 Bf5 8. Qc1
e6 9. h3 Be7 10. Nbd2 h6 11. Be2 O-O 12. Bd1 Rac8 13. Bc2 Bxc2 14. Qxc2 Qd8 15.
e4 b5 16. O-O b4 17. exd5 Nxd5 18. Bg3 bxc3 19. bxc3 Qa5 20. Rfc1 Nb6 21. a4
Rfd8 22. Qa2 Bf8 23. Kh1 Be7 24. Kg1 g5 25. Nh2 Kg7 26. Nhf1 e5 27. Bxe5+ Nxe5
28. dxe5 Rd3 29. Qc2 Rcd8 30. Nb1 Qxe5 31. Ne3 Bc5 32. Ng4 Qe7 33. Rf1 h5 34.
Nh2 Qf6 35. Ra2 Qf4 36. Qc1 Qxc1 37. Rxc1 Rd1+ 38. Rxd1 Rxd1+ 39. Nf1 Rxb1 40.
a5 Nd5 41. Ra4 Nxc3 42. Rxc4 Ne2+ 43. Kh2 Bxf2 44. g4 Rxf1 45. Kg2 Ng3 46. gxh5
Be1 47. Rc2 Rf6 48. Rc1 Bd2 49. Rc2 Ne4 50. a6 Rxa6 51. h4 g4 52. h6+ Kxh6 53.
h5 Kxh5 54. Rb2 Ra5 55. Rb8 Kg5 56. Rg8+ Kf4 57. Rf8 f5 58. Rf7 Ra2 59. Kh2
Be3+ 0-1

[Event "European Youth Chess Championship G16"]
[Site "Prague, Top Hotel Prague"]
[Date "2012.08.20"]
[Round "4.26"]
[White "Bartsits, Sabina"]
[Black "Sen, Beril Berfin"]
[Result "0-1"]
[WhiteElo "1841"]
[BlackElo "1586"]
[PlyCount "96"]
[EventDate "2012.08.17"]

1. d4 d5 2. c4 e6 3. Nc3 Nf6 4. e3 c6 5. Bd3 Nbd7 6. Nf3 Be7 7. O-O dxc4 8.
Bxc4 b5 9. Bd3 O-O 10. Bc2 Bb7 11. e4 a6 12. e5 Nd5 13. Qd3 g6 14. Nxd5 cxd5
15. Bh6 Re8 16. Qe3 Bf8 17. Rfe1 Rc8 18. Bd3 Bg7 19. Bg5 f6 20. Bh4 Qe7 21.
exf6 Nxf6 22. Ng5 Ne4 23. Nxe4 Qxh4 24. g3 Qe7 25. Ng5 Qb4 26. Nf3 Qxb2 27. a4
Bc6 28. Reb1 Qc3 29. Rc1 Qb3 30. axb5 axb5 31. Rab1 Qa3 32. Bxb5 Qxe3 33. fxe3
Bxb5 34. Ra1 Rxc1+ 35. Rxc1 Bc4 36. Nd2 Rc8 37. Kf2 Kf7 38. g4 e5 39. e4 Bh6
40. Rc2 Bxd2 41. Rxd2 dxe4 42. dxe5 Bd3 43. Kg3 Ke6 44. Ra2 Kxe5 45. Ra7 e3 46.
Kf3 e2 47. Kf2 Rf8+ 48. Kg2 Be4+ 0-1

[Event "European Youth Chess Championship G16"]
[Site "Prague, Top Hotel Prague"]
[Date "2012.08.20"]
[Round "4.27"]
[White "Dragieva, Denitza"]
[Black "Tarnowska, Aleksandra"]
[Result "1-0"]
[WhiteElo "2005"]
[BlackElo "1839"]
[PlyCount "101"]
[EventDate "2012.08.17"]

1. d4 d5 2. Nf3 Nf6 3. Bf4 e6 4. e3 Bd6 5. Ne5 O-O 6. Bd3 Nbd7 7. Qf3 Ne8 8.
Qh3 f5 9. Nd2 Bxe5 10. dxe5 Nc5 11. Be2 Qe7 12. O-O h6 13. f3 Bd7 14. e4 dxe4
15. fxe4 Nxe4 16. Nxe4 fxe4 17. Qb3 Qc5+ 18. Kh1 g5 19. Be3 Rxf1+ 20. Rxf1 Qxe5
21. Qxb7 Qd5 22. Qb4 Nd6 23. Rd1 Qf5 24. Bc5 Rf8 25. Bxd6 cxd6 26. Qxd6 Rf7 27.
h3 Qf2 28. Bc4 Qf6 29. Rf1 Qe7 30. Qb8+ Kh7 31. Rxf7+ Qxf7 32. Qxa7 e3 33. Qxe3
Bc8 34. a4 Kg7 35. Qd4+ Kh7 36. Bd3+ Kg8 37. Qd8+ Qf8 38. Qxf8+ Kxf8 39. a5 Ke7
40. b4 Kd6 41. a6 Kc6 42. Kg1 Kb6 43. Kf2 Bd7 44. Ke3 Bc6 45. g3 e5 46. c4 e4
47. Bxe4 Bd7 48. b5 Bxh3 49. c5+ Ka7 50. Bb7 Kb8 51. b6 1-0

[Event "European Youth Chess Championship G16"]
[Site "Prague, Top Hotel Prague"]
[Date "2012.08.20"]
[Round "4.28"]
[White "Grochocinska, Urszula"]
[Black "Cosman, Andreea-Marioara"]
[Result "1/2-1/2"]
[WhiteElo "1828"]
[BlackElo "1921"]
[PlyCount "57"]
[EventDate "2012.08.17"]

1. e4 c5 2. Nf3 d6 3. c3 Nf6 4. Bd3 Bg4 5. Bc2 Nc6 6. d3 e6 7. Nbd2 Be7 8. h3
Bh5 9. Nf1 d5 10. Ng3 dxe4 11. Nxh5 exf3 12. Nxg7+ Kd7 13. Qxf3 Rg8 14. Bh6 Bf8
15. Nh5 Nxh5 16. Qxf7+ Kd6 17. Qxg8 Bxh6 18. Qxd8+ Rxd8 19. g4 Nf4 20. h4 Ke7
21. g5 Bg7 22. O-O-O h5 23. Kd2 Ne5 24. Ke3 Nd5+ 25. Kd2 Nf4 26. Ke3 Nd5+ 27.
Kd2 Nf4 28. Ke3 Nd5+ 29. Kd2 1/2-1/2

[Event "European Youth Chess Championship G16"]
[Site "Prague, Top Hotel Prague"]
[Date "2012.08.20"]
[Round "4.29"]
[White "Schmalhorst, Sophia"]
[Black "Lampard, Alice"]
[Result "1-0"]
[WhiteElo "1905"]
[BlackElo "1593"]
[PlyCount "67"]
[EventDate "2012.08.17"]

1. e4 c5 2. Nf3 Nc6 3. d4 cxd4 4. Nxd4 g6 5. Nxc6 bxc6 6. Qd4 Nf6 7. e5 Nd5 8.
e6 Nf6 9. exf7+ Kxf7 10. Nc3 Bg7 11. Qc4+ e6 12. Bg5 Qb6 13. Na4 Qa5+ 14. Bd2
Qe5+ 15. Be2 Ne4 16. Be3 Rf8 17. O-O Bb7 18. Bd3 Nf6 19. Qb4 Rfb8 20. Bf4 Nd5
21. Bxe5 Nxb4 22. Bxb8 Nxd3 23. Bg3 Nb4 24. c3 Nd5 25. Nc5 Bc8 26. Rad1 Ke7 27.
Rfe1 d6 28. Ne4 e5 29. Bh4+ Ke6 30. c4 Nb4 31. Rxd6+ Kf7 32. Rd8 Bf8 33. Re3
Bb7 34. Rd7+ 1-0

[Event "European Youth Chess Championship G16"]
[Site "Prague, Top Hotel Prague"]
[Date "2012.08.20"]
[Round "4.30"]
[White "Chetina, Elizaveta"]
[Black "Leonardi, Caterina"]
[Result "1-0"]
[WhiteElo "1793"]
[BlackElo "1884"]
[PlyCount "55"]
[EventDate "2012.08.17"]

1. e4 e6 2. d4 d5 3. Nd2 dxe4 4. Nxe4 Bd7 5. Bd3 Bc6 6. Nf3 Nd7 7. c3 Ngf6 8.
Qe2 Qe7 9. Bf4 Nxe4 10. Bxe4 Bxe4 11. Qxe4 c6 12. a3 h6 13. c4 Qd8 14. O-O Be7
15. Rfe1 O-O 16. Rad1 Qb6 17. Qe2 Rfe8 18. Ne5 Nf6 19. Rd3 Rad8 20. Qd2 c5 21.
Bxh6 Rxd4 22. Qg5 Bf8 23. Rg3 Ne4 24. Qxg7+ Bxg7 25. Rxg7+ Kf8 26. Rxf7+ Kg8
27. Rg7+ Kf8 28. Ng6# 1-0

[Event "European Youth Chess Championship G16"]
[Site "Prague, Top Hotel Prague"]
[Date "2012.08.20"]
[Round "4.32"]
[White "Zemkova, Klara"]
[Black "Rojikova, Lenka"]
[Result "0-1"]
[WhiteElo "1646"]
[BlackElo "1866"]
[PlyCount "46"]
[EventDate "2012.08.17"]

1. e4 c5 2. Nf3 d6 3. d4 cxd4 4. Nxd4 Nf6 5. Nc3 a6 6. Be3 e5 7. Nb3 Be6 8. f3
Nbd7 9. g4 b5 10. Qd2 Nb6 11. Qf2 Nfd7 12. O-O-O Nc4 13. Kb1 Rc8 14. Bc1 Qc7
15. Nd5 Bxd5 16. exd5 Be7 17. Bd3 O-O 18. h4 a5 19. h5 a4 20. h6 g6 21. Nd2 Qb8
22. Ne4 Nf6 23. Bg5 Nxe4 0-1

[Event "European Youth Chess Championship G16"]
[Site "Prague, Top Hotel Prague"]
[Date "2012.08.20"]
[Round "4.33"]
[White "Kejzar, Petra"]
[Black "Jacimovic, Sara"]
[Result "1/2-1/2"]
[WhiteElo "1704"]
[BlackElo "1933"]
[PlyCount "134"]
[EventDate "2012.08.17"]

1. e4 e5 2. Nf3 Nc6 3. Bb5 a6 4. Ba4 Nf6 5. O-O Be7 6. Re1 b5 7. Bb3 d6 8. c3
O-O 9. h3 Na5 10. Bc2 c5 11. d4 Qc7 12. b3 Nc6 13. Bb2 Rd8 14. d5 Nb8 15. Nbd2
g6 16. c4 b4 17. Nf1 a5 18. Ne3 Nh5 19. Nh2 Ng7 20. Nhg4 h5 21. Nh2 Nd7 22. g4
Nf6 23. Rf1 g5 24. Nf5 Nxf5 25. gxf5 Kh8 26. Kh1 h4 27. Bc1 Nh7 28. Qh5 f6 29.
Ng4 Bd7 30. Nh6 Rf8 31. Rg1 Be8 32. Qe2 Kg7 33. Ng4 Rh8 34. Be3 Bh5 35. f3 Ra6
36. a4 bxa3 37. Rxa3 Rha8 38. Rga1 Bd8 39. Bd2 Nf8 40. Nf2 Qb6 41. Nd1 Nd7 42.
Nc3 Nb8 43. Kg2 Be8 44. Na4 Qc7 45. Nc3 Qb7 46. Qe1 R6a7 47. Na4 Na6 48. Nb2
Nb4 49. Bd1 Kf8 50. Bc3 Qh7 51. Qd2 Rg7 52. Nd3 Rga7 53. Nb2 Kg8 54. Nd3 Qb7
55. Nb2 Be7 56. Nd3 Bf8 57. Nf2 Ra6 58. Nd3 Kh7 59. Nb2 Bh6 60. Qe1 R8a7 61.
Qf2 Qa8 62. Qe1 Bf8 63. Qd2 Be7 64. Qe1 Bd8 65. Qd2 Qb8 66. Qc1 Rb7 67. Qd2
Rab6 1/2-1/2

[Event "European Youth Chess Championship G16"]
[Site "Prague, Top Hotel Prague"]
[Date "2012.08.20"]
[Round "4.34"]
[White "Skakun, Valentina"]
[Black "Kopnicka, Henrieta"]
[Result "1-0"]
[WhiteElo "1884"]
[BlackElo "1711"]
[PlyCount "109"]
[EventDate "2012.08.17"]

1. d4 Nf6 2. c4 e5 3. dxe5 Ng4 4. Bf4 Nc6 5. Nf3 Bb4+ 6. Nbd2 Qe7 7. a3 Ngxe5
8. Nxe5 Nxe5 9. e3 Bxd2+ 10. Qxd2 d6 11. Be2 O-O 12. O-O Be6 13. c5 Rfd8 14.
cxd6 cxd6 15. Rac1 Nc6 16. b4 a6 17. Qb2 d5 18. Rfd1 Rd7 19. Rd2 f6 20. Bd1 Rc8
21. Bb3 h5 22. h3 Rdd8 23. Rcd1 Qf7 24. Qa2 Re8 25. Bxd5 Bxd5 26. Qxd5 Red8 27.
Qxf7+ Kxf7 28. Rxd8 Rxd8 29. Rxd8 Nxd8 30. Kf1 Ke6 31. Ke2 Kd5 32. Kd3 f5 33.
f3 Ne6 34. Bg3 g6 35. a4 b5 36. a5 Ng7 37. e4+ fxe4+ 38. fxe4+ Kc6 39. Kd4 Ne8
40. Ke5 Nd6 41. Kf4 Nf7 42. h4 Kd7 43. Ke3 Nd8 44. Kd4 Nb7 45. Kd5 Nd8 46. Kc5
Nc6 47. e5 Na7 48. Kb6 Nc8+ 49. Kxa6 Kc6 50. e6 Ne7 51. Ka7 Nc8+ 52. Kb8 Ne7
53. a6 Kb6 54. a7 Nc6+ 55. Kc8 1-0

[Event "European Youth Chess Championship G16"]
[Site "Prague, Top Hotel Prague"]
[Date "2012.08.20"]
[Round "4.35"]
[White "Federovski, Adi"]
[Black "Branco, Joana Catarina Cost"]
[Result "1-0"]
[WhiteElo "1851"]
[BlackElo "1394"]
[PlyCount "59"]
[EventDate "2012.08.17"]

1. e4 c5 2. Nc3 Nc6 3. g3 g6 4. Bg2 Bg7 5. d3 Nf6 6. Be3 d6 7. h3 Bd7 8. Qd2 h5
9. Nf3 a6 10. Ng5 b5 11. Ne2 Rc8 12. f4 Qa5 13. c3 c4 14. d4 b4 15. O-O d5 16.
e5 Nh7 17. e6 fxe6 18. Qc2 Nxg5 19. fxg5 Bf8 20. Nf4 e5 21. Nxg6 Rg8 22. Nxf8
exd4 23. cxd4 b3 24. axb3 Qb6 25. Qh7 Rxf8 26. Qg6+ Kd8 27. Rxf8+ Kc7 28. Rxc8+
Kxc8 29. Qg8+ Kb7 30. Qxd5 1-0

[Event "European Youth Chess Championship G16"]
[Site "Prague, Top Hotel Prague"]
[Date "2012.08.20"]
[Round "4.36"]
[White "Gueci, Laura"]
[Black "Pistovcakova, Aneta"]
[Result "1-0"]
[WhiteElo "1819"]
[BlackElo "1642"]
[PlyCount "115"]
[EventDate "2012.08.17"]

1. c4 c5 2. Nc3 Nc6 3. g3 g6 4. Bg2 Bg7 5. a3 a5 6. Nf3 Nf6 7. O-O O-O 8. d3 d6
9. Bd2 Bd7 10. Rb1 Nh5 11. Ne1 f5 12. Nd5 e6 13. Nf4 Nxf4 14. Bxf4 e5 15. Bd2
a4 16. Nc2 Qc8 17. Ne3 Ne7 18. b4 axb3 19. Qxb3 Bc6 20. Nd5 Bxd5 21. Bxd5+ Nxd5
22. cxd5 Rf7 23. f4 Re7 24. fxe5 Bxe5 25. e3 Ra6 26. a4 b6 27. Qc4 Qa8 28. a5
bxa5 29. d4 cxd4 30. exd4 Bg7 31. Rfe1 Bf6 32. Rxe7 Bxe7 33. Qc7 Qa7 34. Rb8+
Kf7 35. Qc8 Qxd4+ 36. Kf1 Qd3+ 37. Ke1 Qe4+ 38. Kf2 Ra7 39. Be3 a4 40. Qe6+
Qxe6 41. dxe6+ Kxe6 42. Bxa7 a3 43. Bd4 Kd5 44. Ba1 Kc4 45. Ke2 d5 46. Rb7 Bb4
47. Kd1 h6 48. Kc2 g5 49. Be5 Be1 50. Rc7+ Kb5 51. Kb3 Ba5 52. Rc8 h5 53. Kxa3
Bb4+ 54. Kb3 Be7 55. Re8 Bc5 56. Rh8 d4 57. Rxh5 d3 58. Kc3 1-0

[Event "European Youth Chess Championship G16"]
[Site "Prague, Top Hotel Prague"]
[Date "2012.08.20"]
[Round "4.37"]
[White "Machlik, Monika"]
[Black "Hiebler, Laura"]
[Result "1/2-1/2"]
[WhiteElo "1718"]
[BlackElo "1795"]
[PlyCount "144"]
[EventDate "2012.08.17"]

1. d4 Nf6 2. c4 e6 3. Nc3 Bb4 4. e3 b6 5. Bd3 Bb7 6. Nf3 O-O 7. O-O Bxc3 8.
bxc3 Ne4 9. Qc2 f5 10. Ba3 d6 11. Nd2 Nxd2 12. Qxd2 Rf6 13. f3 Rh6 14. Qf2 Nd7
15. Rae1 Qg5 16. Bc1 Rf8 17. Be2 Qh5 18. h3 Qg5 19. Kh2 Qe7 20. Bd3 e5 21. e4
f4 22. g3 fxg3+ 23. Qxg3 Rg6 24. Qf2 Qf7 25. f4 exf4 26. Qxf4 Rf6 27. Qe3 Rf2+
28. Kh1 Qf3+ 29. Qxf3 R2xf3 30. Rxf3 Rxf3 31. Re3 Bxe4 32. Rxf3 Bxf3+ 33. Kg1
Kf7 34. Kf2 Bh5 35. Kg3 Bg6 36. Be2 Nf6 37. Bf3 Bd3 38. c5 bxc5 39. dxc5 d5 40.
Kf4 Ke6 41. Be3 c6 42. Bd4 h6 43. h4 g6 44. a3 a5 45. Bg4+ Kf7 46. Bf3 Be4 47.
Bg4 Bd3 48. Bf3 Ne8 49. Ke5 Ke7 50. Bd1 Nc7 51. Ba4 Kd7 52. Be3 h5 53. Bd2 Na6
54. Kd4 Kc7 55. Bf4+ Kd7 56. Be3 Bf5 57. Bd2 Nc7 58. Be3 Ne6+ 59. Ke5 Ng7 60.
Bd4 Be4 61. Bf2 Nf5 62. Bd1 Nh6 63. Be2 Ng4+ 64. Bxg4+ hxg4 65. Be1 a4 66. Bg3
Bf5 67. Bf4 Kc7 68. Kd4+ Kb7 69. Bg3 Kc8 70. Ke5 Kd7 71. Bf4 Ke7 72. Bg3 Kd7
1/2-1/2

[Event "European Youth Chess Championship G16"]
[Site "Prague, Top Hotel Prague"]
[Date "2012.08.20"]
[Round "4.38"]
[White "Hatasova, Michaela"]
[Black "Trippold, Denise"]
[Result "0-1"]
[WhiteElo "1641"]
[BlackElo "1773"]
[PlyCount "62"]
[EventDate "2012.08.17"]

1. c4 b6 2. e4 c5 3. g3 Bb7 4. Bg2 Nf6 5. d3 g6 6. Ne2 d6 7. O-O Nc6 8. Nbc3
Bg7 9. Bd2 O-O 10. Qc1 Nd7 11. Bh6 Re8 12. Bxg7 Kxg7 13. f4 Nf8 14. f5 Nd7 15.
Nd5 Nce5 16. Qd2 a6 17. Rf2 b5 18. b3 Bxd5 19. exd5 Qb6 20. Raf1 b4 21. Bh3 Nf6
22. fxg6 hxg6 23. Qg5 Nh7 24. Qh4 a5 25. d4 cxd4 26. Nxd4 Rf8 27. Kh1 Nf6 28.
Nf3 Rh8 29. Qg5 Ne4 30. Qf4 Nxf2+ 31. Kg2 Nxh3 0-1

[Event "European Youth Chess Championship G16"]
[Site "Prague, Top Hotel Prague"]
[Date "2012.08.20"]
[Round "4.39"]
[White "Goian, Valeria"]
[Black "Stranska, Kamila"]
[Result "1-0"]
[WhiteElo "1411"]
[BlackElo "1633"]
[PlyCount "117"]
[EventDate "2012.08.17"]

1. d4 d5 2. Nf3 Nf6 3. e3 c6 4. Bd3 Bg4 5. c4 Nbd7 6. Nbd2 e5 7. dxe5 Nxe5 8.
Be2 Bxf3 9. Nxf3 Nxf3+ 10. Bxf3 dxc4 11. Qa4 Qb6 12. O-O Qc5 13. Bd2 Nd7 14.
Rfc1 Ne5 15. Be2 b5 16. Qc2 Qd6 17. a4 a6 18. axb5 cxb5 19. Qe4 O-O-O 20. Bc3
Nc6 21. Rxa6 Kb7 22. Rca1 Qd5 23. Qxd5 Rxd5 24. Bf3 Rd6 25. Bb4 Rd1+ 26. Bxd1
Bxb4 27. Bf3 Rc8 28. Ra7+ Kb6 29. R1a6+ Kc5 30. Rxc6+ Rxc6 31. Bxc6 Kxc6 32.
Rxf7 c3 33. bxc3 Bxc3 34. Rf8 b4 35. e4 Kc7 36. Rf5 Kd6 37. Rd5+ Ke6 38. Rd1 b3
39. Rb1 b2 40. f4 h6 41. Kf2 g5 42. g3 Kd6 43. Ke3 Kc5 44. Kd3 Bd4 45. fxg5
hxg5 46. h4 gxh4 47. gxh4 Be5 48. Kc2 Kd6 49. h5 Ke6 50. Rf1 Bg7 51. Rg1 Bf6
52. h6 Kf7 53. h7 Bg7 54. Rxg7+ Kxg7 55. Kxb2 Kxh7 56. Kc3 Kg6 57. Kd4 Kf7 58.
Kd5 Ke8 59. Ke6 1-0